| 000 | 00519nam a2200157Ia 4500 | ||
|---|---|---|---|
| 008 | 150121s9999 xx 000 0 und d | ||
| 020 | _a2094-3652 | ||
| 245 |
_aSULO : _bInternational Refereed Journal of Multidisciplinary Sciences / _h[electronic resource] |
||
| 260 |
_bDe La Salle Araneta University, _c2011. |
||
| 516 | _aElectronic text | ||
| 650 | _aMultidisciplinary. | ||
| 650 | _aScience. | ||
| 830 | _aPhilippine E-Journals | ||
| 856 | _uhttp://www.ejournals.ph/index.php?journal=DLSAU-SULO | ||
| 942 | _cEJ | ||
| 999 |
_c277072 _d277072 |
||